000 00641nam a2200217Ia 4500
003 OSt
005 20221007070226.0
006 a|||||r|||| 00| 0
007 ta
008 221006b |||||||| |||| 00| 0 eng d
024 _a19,076
037 _cTextual
040 _aFLL
_cFLL
_beng
041 _2eng
_aeng
082 _aZ,2274p53,N71g, L8
245 0 _aGuide to the berne convention for the protection of literary and artistic works
260 _aGeneva
_bWorld intellectual property organization Geneva
_c1978
300 _a229p
_ccm.
942 _hZ,2274p53,N71g, L8
_cTEXL
_2CC
999 _c1139885
_d1139885